000 00624nam a2200217 a 4500
005 20140310183141.0
008 020822s19uu xx 00 eng d
020 _a9814040398
050 _aHF 5549.5.R3
_b.W555 1998
100 _aWilliams, Richard S.
245 _aPerformance management /
_cRichard S. William.
250 _a1st ed.
260 _aLondon ; Boston :
_bInternational Thomson Business Press,
_c1998.
300 _a263 p. :
_bill. ;
_c22 cm.
500 _aInclude index
521 _aBSBA
650 _aEmployee
_xrating of
650 _aPersonnel management
942 _cBK
_2lcc
_kFOR
999 _c19406
_d19406